[Event "Gibtelecom ChallWk2 7th"]
[Site "Gibraltar"]
[Date "2009.02.02"]
[Round "2.25"]
[White "Badillo Garcia, Aztlan"]
[Black "Pettersen, Joar Gullestad"]
[Result "1/2-1/2"]
[WhiteElo "1383"]
[BlackElo "2016"]
[PlyCount "111"]
[EventDate "2009.02.01"]
[EventType "swiss"]
[EventRounds "5"]
[EventCountry "GGB"]
[SourceTitle "BritBase"]
[Source "www.saund.co.uk"]
[SourceDate "2018.02.10"]
[SourceVersion "1"]
[SourceVersionDate "2018.02.10"]
[SourceQuality "1"]

1. e4 c6 2. d4 d5 3. e5 Na6 4. Bxa6 Qa5+ 5. c3 Qxa6 6. Ne2 Bf5 7. Nd2 e6 8. h3
h6 9. Nf3 c5 10. O-O Rc8 11. Be3 c4 12. Qd2 Ne7 13. Nh4 Bh7 14. f4 Nf5 15. Nxf5
Bxf5 16. Ng3 Bd3 17. Rf2 g6 18. a3 Be7 19. Ne2 h5 20. g3 Rh7 21. Kh2 Qa4 22.
Nc1 Be4 23. Ne2 b5 24. Rff1 Rh8 25. Rae1 Rb8 26. Rg1 Rb7 27. g4 hxg4 28. Rxg4
Bf5 29. Rg3 Bh4 30. Reg1 Bxg3+ 31. Rxg3 Kd7 32. Qc1 Rh7 33. Ng1 Be4 34. Nf3
Bxf3 35. Rxf3 Rb8 36. Rg3 Rbh8 37. Bd2 Qb3 38. Be1 a5 39. Bd2 b4 40. axb4 axb4
41. Qa1 bxc3 42. Qa7+ Kc6 43. Qc5+ Kb7 44. Rxc3 Rxh3+ 45. Kg2 Rh2+ 46. Kg3
R8h3+ 47. Kg4 Qd1+ 48. Kg5 Qh5+ 49. Kf6 Qf5+ 50. Ke7 Rxc3 51. Qb5+ Ka7 52. Qa5+
Kb8 53. Qb6+ Ka8 54. Qa6+ Kb8 55. Qb6+ Ka8 56. Qa6+ 1/2-1/2

[Event "Gibtelecom ChallWk2 7th"]
[Site "Gibraltar"]
[Date "2009.02.03"]
[Round "3.1"]
[White "Navarro Perez, Manuel"]
[Black "Kvisla, Johannes Luangtep"]
[Result "0-1"]
[WhiteElo "2097"]
[BlackElo "2208"]
[PlyCount "108"]
[EventDate "2009.02.01"]
[EventType "swiss"]
[EventRounds "5"]
[EventCountry "GGB"]
[SourceTitle "BritBase"]
[Source "www.saund.co.uk"]
[SourceDate "2018.02.10"]
[SourceVersion "1"]
[SourceVersionDate "2018.02.10"]
[SourceQuality "1"]

1. e4 c5 2. Nc3 Nc6 3. f4 g6 4. Nf3 Bg7 5. Bb5 Nd4 6. a4 e6 7. O-O Ne7 8. e5 a6
9. Bd3 Nxf3+ 10. Qxf3 d5 11. exd6 Qxd6 12. Be4 Rb8 13. Kh1 O-O 14. Qe2 f5 15.
Bf3 Nc6 16. Bxc6 Qxc6 17. a5 b5 18. axb6 Rxb6 19. b3 Bb7 20. Ba3 a5 21. Na4
Bxa1 22. Nxb6 Bf6 23. Nc4 Ra8 24. Re1 Kg7 25. Bb2 Bd4 26. d3 a4 27. Ne5 Qxg2+
28. Qxg2 Bxg2+ 29. Kxg2 Bxb2 30. bxa4 Rxa4 31. Nc4 Ra2 32. Rxe6 Bc1 33. Kg3
Rxc2 34. Rc6 Rc3 35. Ne5 Bd2 36. Rc7+ Kf6 37. Rf7+ Ke6 38. Rxh7 g5 39. Ng6
Rxd3+ 40. Kf2 Bxf4 41. Re7+ Kd6 42. Rf7 c4 43. Nxf4 gxf4 44. Rxf5 Rd4 45. h4 c3
46. Rf8 Rc4 47. Rd8+ Ke5 48. Rd1 Kf5 49. Kf3 c2 50. Rc1 Rc3+ 51. Ke2 Kg4 52.
Kd2 Rc8 53. Rh1 f3 54. h5 c1=Q+ 0-1

[Event "Gibtelecom ChallWk2 7th"]
[Site "Gibraltar"]
[Date "2009.02.03"]
[Round "3.2"]
[White "Getz, Nicolai"]
[Black "Hagen, Anders Gjerdrum"]
[Result "1-0"]
[WhiteElo "2190"]
[BlackElo "2110"]
[PlyCount "39"]
[EventDate "2009.02.01"]
[EventType "swiss"]
[EventRounds "5"]
[EventCountry "GGB"]
[SourceTitle "BritBase"]
[Source "www.saund.co.uk"]
[SourceDate "2018.02.10"]
[SourceVersion "1"]
[SourceVersionDate "2018.02.10"]
[SourceQuality "1"]

1. e4 c6 2. d3 d5 3. Nd2 e5 4. Qe2 dxe4 5. Nxe4 Be7 6. f4 exf4 7. Bxf4 Be6 8.
Nf3 Nf6 9. Nfg5 Nxe4 10. Nxe6 Qa5+ 11. Kd1 Nf2+ 12. Qxf2 fxe6 13. Qe3 Qf5 14.
Be2 O-O 15. Rf1 Bf6 16. Bd6 Qb5 17. Qxe6+ Kh8 18. Rxf6 gxf6 19. Bxf8 Qxb2 20.
Rc1 1-0

[Event "Gibtelecom ChallWk2 7th"]
[Site "Gibraltar"]
[Date "2009.02.03"]
[Round "3.3"]
[White "Gandrud, Vegar Koi"]
[Black "Kozlov, Oleg"]
[Result "0-1"]
[WhiteElo "2046"]
[BlackElo "2187"]
[PlyCount "116"]
[EventDate "2009.02.01"]
[EventType "swiss"]
[EventRounds "5"]
[EventCountry "GGB"]
[SourceTitle "BritBase"]
[Source "www.saund.co.uk"]
[SourceDate "2018.02.10"]
[SourceVersion "1"]
[SourceVersionDate "2018.02.10"]
[SourceQuality "1"]

1. d4 d5 2. c4 e6 3. Nf3 Nf6 4. g3 c6 5. Bg2 Bb4+ 6. Bd2 Be7 7. O-O O-O 8. Qc2
Nbd7 9. Bf4 b6 10. Nc3 Ba6 11. Rfd1 Bxc4 12. b3 Ba6 13. e4 Rc8 14. Ne5 Nxe5 15.
Bxe5 Ne8 16. Bh3 Bb4 17. Na4 Nf6 18. a3 Be7 19. Nc3 Qd7 20. Bg2 Rfd8 21. Bf3
Qe8 22. Rac1 Qf8 23. Qa2 Bb7 24. b4 Ba6 25. Be2 Bxe2 26. Qxe2 Nxe4 27. Nxe4
dxe4 28. Qxe4 Rd5 29. Rd3 Bd6 30. Rdc3 Bxe5 31. dxe5 Qe8 32. f4 Qd7 33. R1c2 g6
34. Kg2 Rd2+ 35. Kh3 Rd4 36. Qf3 Rd5 37. Qe3 Kg7 38. Qf3 c5 39. Qe3 Qb5 40. Rc4
Rcd8 41. bxc5 bxc5 42. a4 Qa6 43. Qf2 Rd4 44. Rxc5 Qxa4 45. Rc7 R4d7 46. Rxd7
Rxd7 47. Ra2 Qd1 48. Qc5 Qf1+ 49. Kh4 Qd1 50. Kh3 Qb1 51. Qc4 a5 52. Rc2 Qd1
53. Ra2 h5 54. Rb2 a4 55. Ra2 Rd4 56. Qc5 Rxf4 57. Qb5 Qf3 58. Qc5 Rh4+ 0-1

[Event "Gibtelecom ChallWk2 7th"]
[Site "Gibraltar"]
[Date "2009.02.03"]
[Round "3.4"]
[White "Madland, Kristoffer"]
[Black "Vea, Odin Blikra"]
[Result "1-0"]
[WhiteElo "1992"]
[BlackElo "2169"]
[PlyCount "133"]
[EventDate "2009.02.01"]
[EventType "swiss"]
[EventRounds "5"]
[EventCountry "GGB"]
[SourceTitle "BritBase"]
[Source "www.saund.co.uk"]
[SourceDate "2018.02.10"]
[SourceVersion "1"]
[SourceVersionDate "2018.02.10"]
[SourceQuality "1"]

1. e4 d5 2. exd5 Nf6 3. d4 Nxd5 4. Nf3 g6 5. c4 Nb6 6. Nc3 Bg7 7. h3 O-O 8. Be3
Nc6 9. Qd2 e5 10. d5 Ne7 11. g4 f5 12. O-O-O e4 13. Ng5 h6 14. Ne6 Bxe6 15.
dxe6 Qxd2+ 16. Rxd2 Rae8 17. Nd5 Nbxd5 18. cxd5 f4 19. Bc5 a6 20. Bc4 Be5 21.
Re2 e3 22. fxe3 Bd6 23. Bxd6 cxd6 24. exf4 Rc8 25. Rc2 Rxf4 26. Bb3 Rxc2+ 27.
Kxc2 Kg7 28. Kd3 Kf6 29. Rc1 Ke5 30. Re1+ Kf6 31. Rc1 g5 32. Rc7 Rf3+ 33. Ke2
Rxh3 34. Rd7 h5 35. gxh5 g4 36. Kf2 Rxh5 37. Rxd6 g3+ 38. Kg2 Nf5 39. Rd7 Rh2+
40. Kg1 Kg5 41. Rc7 Re2 42. Rc1 Nd4 43. Rf1 Kg4 44. Bd1 Kh3 45. e7 Rg2+ 46. Kh1
Rh2+ 47. Kg1 g2 48. Kf2 Nf5 49. Bg4+ Kxg4 50. e8=Q gxf1=Q+ 51. Kxf1 Kf3 52. Ke1
Ne3 53. Qf7+ Ke4 54. Qe6+ Kd3 55. Qg6+ Kd4 56. Qf6+ Kd3 57. Qg6+ Kd4 58. d6
Rh1+ 59. Ke2 Rh2+ 60. Kf3 Rh3+ 61. Ke2 Rh2+ 62. Kf3 Rh3+ 63. Kf2 Rh2+ 64. Kg1
Rd2 65. d7 Rd1+ 66. Kf2 Kc5 67. Qg5+ 1-0

[Event "Gibtelecom ChallWk2 7th"]
[Site "Gibraltar"]
[Date "2009.02.03"]
[Round "3.5"]
[White "Obiamiwe, Paul"]
[Black "Erdelyi, Tamas"]
[Result "0-1"]
[WhiteElo "2035"]
[BlackElo "2152"]
[PlyCount "86"]
[EventDate "2009.02.01"]
[EventType "swiss"]
[EventRounds "5"]
[EventCountry "GGB"]
[SourceTitle "BritBase"]
[Source "www.saund.co.uk"]
[SourceDate "2018.02.10"]
[SourceVersion "1"]
[SourceVersionDate "2018.02.10"]
[SourceQuality "1"]

1. Nf3 c5 2. c4 Nf6 3. Nc3 b6 4. g3 Bb7 5. Bg2 e6 6. O-O Be7 7. d4 cxd4 8. Qxd4
d6 9. Rd1 a6 10. b3 Nbd7 11. Bb2 Qc7 12. Rac1 O-O 13. h3 Rfe8 14. Bf1 Rad8 15.
Ng5 Qc6 16. Nf3 Bf8 17. Bg2 Qc7 18. Qh4 Be7 19. Qd4 Bf8 20. Qh4 Qb8 21. Rc2 Bc6
22. Rcd2 b5 23. cxb5 axb5 24. Nd4 Bxg2 25. Kxg2 Qb7+ 26. Kg1 b4 27. Na4 Be7 28.
Nc2 d5 29. Qg5 Rc8 30. Ne3 h6 31. Qf4 Ne4 32. Rd3 Bd6 33. Qh4 Be5 34. Bc1 Bf6
35. Qh5 Ne5 36. Ng4 Nxd3 37. exd3 Bg5 38. Bb2 Nc3 39. Nxc3 bxc3 40. Bc1 c2 41.
Rf1 Bxc1 42. Rxc1 Qb4 43. Ne3 Qd2 0-1

[Event "Gibtelecom ChallWk2 7th"]
[Site "Gibraltar"]
[Date "2009.02.03"]
[Round "3.6"]
[White "Bates, Caspar J"]
[Black "Dasaolu, Adeoye"]
[Result "1/2-1/2"]
[WhiteElo "2142"]
[BlackElo "2024"]
[PlyCount "101"]
[EventDate "2009.02.01"]
[EventType "swiss"]
[EventRounds "5"]
[EventCountry "GGB"]
[SourceTitle "BritBase"]
[Source "www.saund.co.uk"]
[SourceDate "2018.02.10"]
[SourceVersion "1"]
[SourceVersionDate "2018.02.10"]
[SourceQuality "1"]

1. d4 Nf6 2. c4 e6 3. Nf3 b6 4. a3 Bb7 5. Nc3 d5 6. cxd5 Nxd5 7. Qc2 Be7 8. e4
Nxc3 9. bxc3 O-O 10. Bd3 Nd7 11. e5 h6 12. Qe2 c5 13. Bb2 Qc7 14. Rc1 Rac8 15.
O-O c4 16. Bb1 Rfd8 17. Qc2 Nf8 18. Nd2 Qc6 19. Ne4 Qxe4 20. Qxe4 Bxe4 21. Bxe4
b5 22. f4 Nd7 23. f5 Nb6 24. fxe6 fxe6 25. Rc2 Nd5 26. Rcf2 Ne3 27. Re1 Nd5 28.
Bg6 Rf8 29. Ref1 Rxf2 30. Rxf2 Rf8 31. Be4 Rxf2 32. Kxf2 Kf7 33. g3 Bd8 34.
Bxd5 exd5 35. Bc1 h5 36. Kf3 Ke6 37. h3 g6 38. Kf4 Be7 39. Bb2 a6 40. Bc1 a5
41. Bb2 g5+ 42. Kf3 b4 43. axb4 axb4 44. g4 h4 45. Ke2 b3 46. Ke3 Kd7 47. Kd2
Kc6 48. Kc1 Kb5 49. Kd2 Ka4 50. Kc1 Bf8 51. Kb1 1/2-1/2

[Event "Gibtelecom ChallWk2 7th"]
[Site "Gibraltar"]
[Date "2009.02.03"]
[Round "3.7"]
[White "Haugstad, Espen"]
[Black "Cafolla, Peter"]
[Result "1-0"]
[WhiteElo "2114"]
[BlackElo "2013"]
[PlyCount "103"]
[EventDate "2009.02.01"]
[EventType "swiss"]
[EventRounds "5"]
[EventCountry "GGB"]
[SourceTitle "BritBase"]
[Source "www.saund.co.uk"]
[SourceDate "2018.02.10"]
[SourceVersion "1"]
[SourceVersionDate "2018.02.10"]
[SourceQuality "1"]

1. e4 c5 2. Nf3 Nc6 3. d4 cxd4 4. Nxd4 Nf6 5. Nc3 e5 6. Ndb5 d6 7. Bg5 a6 8.
Na3 b5 9. Bxf6 gxf6 10. Nd5 Bg7 11. c3 Ne7 12. Nc2 Nxd5 13. Qxd5 Rb8 14. Ne3
O-O 15. Nf5 Bxf5 16. exf5 Qb6 17. Rd1 Rfd8 18. Bd3 Qc5 19. Be4 b4 20. c4 Rbc8
21. Qxc5 Rxc5 22. Bd5 Rb8 23. Kd2 Kf8 24. Kc2 Ke7 25. Rd3 a5 26. Kb3 h6 27.
Rhd1 Bf8 28. Ka4 Rc7 29. b3 Ke8 30. Be4 Be7 31. Rd5 Rc5 32. Rxc5 dxc5 33. Bc6+
Kf8 34. Rd7 Rd8 35. Kxa5 Rxd7 36. Bxd7 Kg7 37. Kb6 Bf8 38. Kc7 Be7 39. Bc6 Bf8
40. Kd7 Kg8 41. Bb7 Kg7 42. Bd5 Kg8 43. Ke8 Kg7 44. Bxf7 Bd6 45. Bd5 Bf8 46.
Kd7 Kh7 47. Ke6 Bg7 48. Kf7 h5 49. Bf3 h4 50. Bh5 Kh6 51. Bg6 e4 52. Kg8 1-0

[Event "Gibtelecom ChallWk2 7th"]
[Site "Gibraltar"]
[Date "2009.02.03"]
[Round "3.8"]
[White "Brown, Thomas"]
[Black "Wheldon, Philip"]
[Result "0-1"]
[WhiteElo "2027"]
[BlackElo "2094"]
[PlyCount "28"]
[EventDate "2009.02.01"]
[EventType "swiss"]
[EventRounds "5"]
[EventCountry "GGB"]
[SourceTitle "BritBase"]
[Source "www.saund.co.uk"]
[SourceDate "2018.02.10"]
[SourceVersion "1"]
[SourceVersionDate "2018.02.10"]
[SourceQuality "1"]

1. d4 d5 2. Nf3 Nf6 3. c4 dxc4 4. e3 e6 5. Bxc4 c5 6. O-O a6 7. Qe2 Nc6 8. Rd1
Qc7 9. Nc3 Bd6 10. dxc5 Bxc5 11. h3 O-O 12. e4 Ne5 13. Nxe5 Qxe5 14. g3 Qxg3+
0-1

[Event "Gibtelecom ChallWk2 7th"]
[Site "Gibraltar"]
[Date "2009.02.03"]
[Round "3.9"]
[White "Perez Aleman, Pedro Tomas"]
[Black "Bryn, Askild"]
[Result "1/2-1/2"]
[WhiteElo "2160"]
[BlackElo "2006"]
[PlyCount "100"]
[EventDate "2009.02.01"]
[EventType "swiss"]
[EventRounds "5"]
[EventCountry "GGB"]
[SourceTitle "BritBase"]
[Source "www.saund.co.uk"]
[SourceDate "2018.02.10"]
[SourceVersion "1"]
[SourceVersionDate "2018.02.10"]
[SourceQuality "1"]

1. Nf3 c5 2. c4 Nc6 3. d4 cxd4 4. Nxd4 e5 5. Nb5 h6 6. N1c3 Nf6 7. g3 a6 8.
Nd6+ Bxd6 9. Qxd6 Qe7 10. Qd2 d6 11. Bg2 O-O 12. O-O Be6 13. b3 Rfd8 14. Rd1
Ne8 15. Ba3 f5 16. Nd5 Qf7 17. Nb6 Rab8 18. Bd5 Nd4 19. Bg2 Qc7 20. Nd5 Qf7 21.
f4 b5 22. e3 bxc4 23. bxc4 Bxd5 24. Bxd5 Qxd5 25. cxd5 Nf3+ 26. Kg2 Nxd2 27.
Rxd2 Rb5 28. fxe5 dxe5 29. d6 Kf7 30. Rf1 e4 31. g4 g6 32. h4 Nf6 33. g5 hxg5
34. hxg5 Nd5 35. Rh1 Ke6 36. Rh7 f4 37. exf4 Ra5 38. Bb2 Nxf4+ 39. Kg3 Nd3 40.
Re7+ Kf5 41. Rf7+ Ke6 42. Rf6+ Kd5 43. Rxg6 Rxd6 44. Rxd6+ Kxd6 45. Kh4 Ke6 46.
g6 Rxa2 47. Kh5 Ra5+ 48. Kh6 Nf4 49. Rh2 Nxg6 50. Kxg6 Ra2 1/2-1/2

[Event "Gibtelecom ChallWk2 7th"]
[Site "Gibraltar"]
[Date "2009.02.03"]
[Round "3.10"]
[White "Hamer, Martyn"]
[Black "Natalicchio Escalante, Nicolas"]
[Result "1-0"]
[WhiteElo "2022"]
[BlackElo "2238"]
[PlyCount "71"]
[EventDate "2009.02.01"]
[EventType "swiss"]
[EventRounds "5"]
[EventCountry "GGB"]
[SourceTitle "BritBase"]
[Source "www.saund.co.uk"]
[SourceDate "2018.02.10"]
[SourceVersion "1"]
[SourceVersionDate "2018.02.10"]
[SourceQuality "1"]

1. f4 c5 2. b3 Nc6 3. Nf3 d5 4. e3 e6 5. Bb5 Nge7 6. Bb2 a6 7. Be2 d4 8. e4 g6
9. O-O Bg7 10. a4 O-O 11. d3 Rb8 12. Nbd2 b5 13. axb5 axb5 14. Bc1 e5 15. fxe5
Nxe5 16. Nxe5 Bxe5 17. Nf3 Bg7 18. Bg5 f6 19. Bf4 Rb6 20. Ra7 Rb7 21. Ra8 Nc6
22. Qe1 g5 23. Bd2 Qe7 24. Qg3 h6 25. Re1 Be6 26. Rxf8+ Qxf8 27. Ra1 Qd8 28.
Ra6 Rb6 29. Rxb6 Qxb6 30. Qd6 Kf7 31. Nxg5+ hxg5 32. Bh5+ Kg8 33. Qxe6+ Kh7 34.
Bf7 Qc7 35. Qf5+ Kh8 36. Qh3+ 1-0

[Event "Gibtelecom ChallWk2 7th"]
[Site "Gibraltar"]
[Date "2009.02.03"]
[Round "3.11"]
[White "Demac, Elias"]
[Black "Lovik, Lasse Ostebo"]
[Result "1/2-1/2"]
[WhiteElo "1993"]
[BlackElo "2184"]
[PlyCount "111"]
[EventDate "2009.02.01"]
[EventType "swiss"]
[EventRounds "5"]
[EventCountry "GGB"]
[SourceTitle "BritBase"]
[Source "www.saund.co.uk"]
[SourceDate "2018.02.10"]
[SourceVersion "1"]
[SourceVersionDate "2018.02.10"]
[SourceQuality "1"]

1. d4 d5 2. c4 c6 3. Nf3 Nf6 4. cxd5 cxd5 5. Nc3 Nc6 6. Bf4 e6 7. e3 Be7 8. Bd3
O-O 9. O-O Nh5 10. Bg3 f5 11. Ne5 Nxg3 12. Nxc6 bxc6 13. hxg3 c5 14. Ne2 Qb6
15. Rb1 Bd7 16. dxc5 Bxc5 17. b4 Bd6 18. Qd2 a5 19. b5 a4 20. Rfd1 g5 21. g4 f4
22. exf4 gxf4 23. Nd4 Kh8 24. Nf3 e5 25. Bc4 d4 26. Nxd4 Bxg4 27. Ne6 Bxe6 28.
Bxe6 Bc5 29. Bd5 Rad8 30. Qe2 Bd4 31. Bc6 Rd6 32. Rd2 Qd8 33. Qh5 Kg7 34. Be4
Rh6 35. Qg4+ Kh8 36. Kf1 Rh1+ 37. Ke2 Rxb1 38. Bxb1 Qb6 39. Qd7 Qh6 40. Rd3 Qh4
41. Rf3 Rg8 42. Bxh7 Rxg2 43. Qc8+ Kxh7 44. Rh3 Rxf2+ 45. Kd3 Qxh3+ 46. Qxh3+
Kg6 47. b6 Bxb6 48. Qe6+ Kh5 49. Qxb6 Rxa2 50. Qd6 Rf2 51. Qxe5+ Kg4 52. Qg7+
Kf3 53. Qa7 Ra2 54. Qb7+ Kg3 55. Qg7+ Kf3 56. Qb7+ 1/2-1/2

[Event "Gibtelecom ChallWk2 7th"]
[Site "Gibraltar"]
[Date "2009.02.03"]
[Round "3.12"]
[White "Whitfield, Craig M"]
[Black "Machin Arbelo, Pedro Alexi"]
[Result "0-1"]
[WhiteElo "1942"]
[BlackElo "2134"]
[PlyCount "84"]
[EventDate "2009.02.01"]
[EventType "swiss"]
[EventRounds "5"]
[EventCountry "GGB"]
[SourceTitle "BritBase"]
[Source "www.saund.co.uk"]
[SourceDate "2018.02.10"]
[SourceVersion "1"]
[SourceVersionDate "2018.02.10"]
[SourceQuality "1"]

1. e4 e6 2. d4 d5 3. e5 c5 4. c3 Nc6 5. Nf3 Bd7 6. Be2 cxd4 7. cxd4 Bb4+ 8. Nc3
Bxc3+ 9. bxc3 Rc8 10. O-O Na5 11. Bg5 Ne7 12. Rc1 h6 13. Bh4 Nc4 14. Bxc4 Rxc4
15. Nd2 Ra4 16. Nb3 g5 17. Bg3 Rxa2 18. Nc5 Bc6 19. Qh5 Kf8 20. Ra1 Qa5 21.
Rxa2 Qxa2 22. f4 Bb5 23. Re1 Qd2 24. Nxb7 Nf5 25. Bf2 Qxf4 26. Nd6 Nxd6 27.
exd6 Qxd6 28. Bg3 Qe7 29. h4 Bd3 30. Be5 f6 31. Bg3 Kg7 32. Qg4 Re8 33. hxg5
hxg5 34. Ra1 Rc8 35. Be1 Rb8 36. Qd1 Be4 37. Bg3 Rb2 38. Bf2 Qb7 39. Qa4 a6 40.
Qxa6 Rb1+ 41. Kh2 Qb8+ 42. Bg3 Qh8+ 0-1

[Event "Gibtelecom ChallWk2 7th"]
[Site "Gibraltar"]
[Date "2009.02.03"]
[Round "3.13"]
[White "Osuna Vega, Enrique"]
[Black "Pali, Gabor"]
[Result "0-1"]
[WhiteElo "2130"]
[BlackElo "2048"]
[PlyCount "120"]
[EventDate "2009.02.01"]
[EventType "swiss"]
[EventRounds "5"]
[EventCountry "GGB"]
[SourceTitle "BritBase"]
[Source "www.saund.co.uk"]
[SourceDate "2018.02.10"]
[SourceVersion "1"]
[SourceVersionDate "2018.02.10"]
[SourceQuality "1"]

1. d4 Nf6 2. Nf3 g6 3. Nc3 Bg7 4. e4 d6 5. Be3 c6 6. a4 Nbd7 7. Bc4 e5 8. dxe5
dxe5 9. h3 Qe7 10. Rb1 a5 11. O-O O-O 12. Nd2 Rd8 13. Qf3 Nc5 14. Rfd1 Ne6 15.
Nb3 Nh5 16. Rxd8+ Qxd8 17. Rd1 Qh4 18. Nc5 Nhf4 19. Nxe6 Nxe6 20. Ne2 Qe7 21.
c3 Bd7 22. Bb6 Be8 23. Qe3 Bf8 24. Nc1 Nc5 25. b3 Nd7 26. Bc7 Qf6 27. Nd3 Bd6
28. Bxd6 Qxd6 29. Rd2 Qe7 30. Ne1 Nc5 31. Nf3 b5 32. axb5 cxb5 33. Bd5 Rc8 34.
b4 axb4 35. cxb4 Na6 36. Qh6 Qf8 37. Qg5 Nxb4 38. Qxe5 Nxd5 39. exd5 Rc1+ 40.
Kh2 f6 41. Qb8 Bd7 42. Qf4 Rc4 43. Rd4 g5 44. Qg3 Rxd4 45. Nxd4 Qe8 46. Qc7
Qe5+ 47. Qxe5 fxe5 48. Nc6 Kg7 49. f3 Kf6 50. Nb4 Ke7 51. Kg3 Kd6 52. Kf2 Kc5
53. Nd3+ Kxd5 54. Ke3 Bf5 55. Nb4+ Kc4 56. Nc6 b4 57. Nxe5+ Kc3 58. Nc6 b3 59.
Nd4 b2 60. Ne2+ Kb4 0-1

[Event "Gibtelecom ChallWk2 7th"]
[Site "Gibraltar"]
[Date "2009.02.03"]
[Round "3.14"]
[White "Loberg, Jo Kristian"]
[Black "Almond, Richard J"]
[Result "1/2-1/2"]
[WhiteElo "1923"]
[BlackElo "2126"]
[PlyCount "46"]
[EventDate "2009.02.01"]
[EventType "swiss"]
[EventRounds "5"]
[EventCountry "GGB"]
[SourceTitle "BritBase"]
[Source "www.saund.co.uk"]
[SourceDate "2018.02.10"]
[SourceVersion "1"]
[SourceVersionDate "2018.02.10"]
[SourceQuality "1"]

1. e4 c6 2. d4 d5 3. Nc3 dxe4 4. Nxe4 Nd7 5. Ng5 Ngf6 6. Bd3 e6 7. N1f3 Bd6 8.
O-O O-O 9. c3 h6 10. Ne4 Nxe4 11. Bxe4 e5 12. dxe5 Nxe5 13. Bf4 Nxf3+ 14. Qxf3
Bxf4 15. Qxf4 Be6 16. b3 Qa5 17. b4 Qa3 18. Qc7 Rab8 19. Rfc1 Rfc8 20. Qe7 Re8
21. Qc7 Rec8 22. Qe7 Re8 23. Qc7 Rec8 1/2-1/2

[Event "Gibtelecom ChallWk2 7th"]
[Site "Gibraltar"]
[Date "2009.02.03"]
[Round "3.15"]
[White "Ercan, Mehmet Fahri"]
[Black "Suez-Panama, Gilles"]
[Result "0-1"]
[WhiteElo "2091"]
[BlackElo "2032"]
[PlyCount "122"]
[EventDate "2009.02.01"]
[EventType "swiss"]
[EventRounds "5"]
[EventCountry "GGB"]
[SourceTitle "BritBase"]
[Source "www.saund.co.uk"]
[SourceDate "2018.02.10"]
[SourceVersion "1"]
[SourceVersionDate "2018.02.10"]
[SourceQuality "1"]

1. e4 e6 2. d4 d5 3. Nc3 Nf6 4. e5 Nfd7 5. f4 c5 6. Nce2 Nc6 7. Nf3 Be7 8. c3
O-O 9. Be3 cxd4 10. Nexd4 Nc5 11. Be2 Ne4 12. O-O a6 13. Nd2 Nxd2 14. Qxd2 Bd7
15. Bd3 Nxd4 16. Bxd4 Bb5 17. Bxb5 axb5 18. a3 f6 19. Rae1 Qd7 20. Rf3 f5 21.
Kh1 Qc6 22. Qf2 Qc4 23. Rg1 b4 24. cxb4 Kf7 25. Rc3 Qa6 26. Rgc1 Kg8 27. Rc7
Bd8 28. Rd7 Qb5 29. Rd6 Ra6 30. Rxa6 Qxa6 31. Qf1 Qa4 32. Qd3 Qd7 33. b5 Ba5
34. b4 Bc7 35. b6 Bb8 36. Qc2 h6 37. h3 Qb5 38. Bc5 Rc8 39. a4 Qd7 40. Ra1 g5
41. g3 Kf7 42. Qe2 Kg6 43. Kh2 gxf4 44. gxf4 Kh7 45. Rg1 Rg8 46. Rxg8 Kxg8 47.
Qh5 Kg7 48. Qh4 d4 49. Qf6+ Kh7 50. Be7 Qe8 51. Qxe6 Qh5 52. Qd5 Qe2+ 53. Qg2
Qe3 54. Bf6 Qxf4+ 55. Kh1 Qc1+ 56. Qg1 Qc6+ 57. Kh2 Qxf6 58. Qg2 Qxe5+ 59. Kh1
Qe1+ 60. Qg1 Qe4+ 61. Qg2 d3 0-1

[Event "Gibtelecom ChallWk2 7th"]
[Site "Gibraltar"]
[Date "2009.02.03"]
[Round "3.16"]
[White "Toll, Alec J"]
[Black "Pendlebury, Ian G"]
[Result "1/2-1/2"]
[WhiteElo "2091"]
[BlackElo "2016"]
[PlyCount "23"]
[EventDate "2009.02.01"]
[EventType "swiss"]
[EventRounds "5"]
[EventCountry "GGB"]
[SourceTitle "BritBase"]
[Source "www.saund.co.uk"]
[SourceDate "2018.02.10"]
[SourceVersion "1"]
[SourceVersionDate "2018.02.10"]
[SourceQuality "1"]

1. d4 d5 2. Bg5 c6 3. Nf3 Qb6 4. Qc1 Bg4 5. Nbd2 Nd7 6. e3 e6 7. Be2 Ngf6 8.
O-O Be7 9. Re1 O-O 10. h3 Bh5 11. c3 Rfe8 12. a3 1/2-1/2

[Event "Gibtelecom ChallWk2 7th"]
[Site "Gibraltar"]
[Date "2009.02.03"]
[Round "3.17"]
[White "Dimitrijevic, Dragan"]
[Black "Haug, Marianne Wold"]
[Result "0-1"]
[WhiteElo "2069"]
[BlackElo "1935"]
[PlyCount "117"]
[EventDate "2009.02.01"]
[EventType "swiss"]
[EventRounds "5"]
[EventCountry "GGB"]
[SourceTitle "BritBase"]
[Source "www.saund.co.uk"]
[SourceDate "2018.02.10"]
[SourceVersion "1"]
[SourceVersionDate "2018.02.10"]
[SourceQuality "1"]

1. Nf3 Nf6 2. c4 g6 3. Nc3 d6 4. d4 Bg7 5. e4 O-O 6. Be2 e5 7. Be3 Ng4 8. Bg5
f6 9. Bh4 Nc6 10. d5 Ne7 11. Nd2 Nh6 12. f3 c5 13. dxc6 bxc6 14. b4 d5 15. Nb3
d4 16. Na4 g5 17. Bf2 f5 18. O-O g4 19. Nac5 gxf3 20. Bxf3 f4 21. Na5 Rf6 22.
Bh5 Nf7 23. Rb1 Rh6 24. Rb3 Ng5 25. Bg4 Qe8 26. a4 Qg6 27. Bxc8 Rxc8 28. Qg4
Kh8 29. Nab7 Rf8 30. h4 Nf7 31. Qe2 Bf6 32. Rh3 Rg8 33. Be1 Nd8 34. Nxd8 Rxd8
35. a5 Ng8 36. b5 Be7 37. Nb7 Rb8 38. a6 cxb5 39. cxb5 Nf6 40. Ba5 Rg8 41. Rc1
Nxe4 42. Rc6 Nf6 43. Bc7 Rh5 44. b6 axb6 45. a7 e4 46. Qa2 f3 47. Rg3 f2+ 48.
Qxf2 e3 49. Qa2 Qd3 50. Rxg8+ Nxg8 51. Rc1 e2 52. Bf4 Qd1+ 53. Rxd1 exd1=Q+ 54.
Kf2 Bxh4+ 55. g3 Bxg3+ 56. Kxg3 Qe1+ 57. Kf3 Rh3+ 58. Kg4 Qh4+ 59. Kf5 0-1

[Event "Gibtelecom ChallWk2 7th"]
[Site "Gibraltar"]
[Date "2009.02.03"]
[Round "3.18"]
[White "Kandic, Milan"]
[Black "Nisbet, Alex"]
[Result "1-0"]
[WhiteElo "2208"]
[BlackElo "1922"]
[PlyCount "63"]
[EventDate "2009.02.01"]
[EventType "swiss"]
[EventRounds "5"]
[EventCountry "GGB"]
[SourceTitle "BritBase"]
[Source "www.saund.co.uk"]
[SourceDate "2018.02.10"]
[SourceVersion "1"]
[SourceVersionDate "2018.02.10"]
[SourceQuality "1"]

1. e4 d5 2. exd5 Nf6 3. d4 Nxd5 4. c4 Nb6 5. Be2 g6 6. Be3 Bg7 7. Nc3 O-O 8.
Nf3 Nc6 9. h3 Re8 10. O-O e5 11. d5 Ne7 12. a4 h6 13. a5 Nd7 14. d6 cxd6 15.
Nb5 Nf5 16. Bxa7 Nc5 17. Bb6 Qe7 18. Nxd6 Qxd6 19. Qxd6 Nxd6 20. Bxc5 Ne4 21.
Bb6 Be6 22. Rac1 Rac8 23. b4 Nd6 24. c5 Nf5 25. Bb5 Re7 26. c6 bxc6 27. Rxc6
Rxc6 28. Bxc6 Nd4 29. Nxd4 exd4 30. Rd1 Bd7 31. Bxd7 Rxd7 32. a6 1-0